| 000 | 01204nam a2200193 a 4500 | ||
|---|---|---|---|
| 999 |
_c348 _d348 |
||
| 020 | _a983974741X | ||
| 050 | 0 | 0 | _aHC59.72.T4 |
| 100 | _aUNDP | ||
| 110 | _aUNDP | ||
| 245 | 0 | 0 |
_aSharing innovative experiences _cUNDP |
| 260 |
_aNew York _bSpecial Unit for Technical Cooperation among Developing Countries, United Nations Development Programme, _c2000 |
||
| 300 |
_a215 pages: _bill. ; _c23 cm. |
||
| 500 | _aIncludes bibliographical references. | ||
| 500 | _aPapers from a workshop held in Ouagadougou, Upper Volta, Sept. 20-25, 1983, and sponsored by the International Crops Research Institute for the Semi-arid Tropics and others. | ||
| 505 | _a. 1. Examples of successful initiatives in science and technology in the South -- v. 3. Examples of successful economic, environmental and sustainable livelihood initiatives in the South -- v. 4. Examples of good practices in social policies, indigenous and traditional knowledge and appropriate technology in the South -- v. 5. Example of successful initiatives in agriculture and rural development in the South. | ||
| 650 | 0 |
_aTechnological innovations _xDeveloping countries. |
|
| 650 | 0 |
_aAgricultural innovations _xDeveloping countries |
|
| 942 | _cBK | ||